|
|
|
|
| LEADER |
01367nam a2200325 a 4500 |
| 001 |
0017210 |
| 003 |
BD-DhAAL |
| 008 |
090531r20051999 enk b 001 0 eng d |
| 010 |
|
|
|a 98044358
|
| 020 |
|
|
|a 0521544882
|
| 020 |
|
|
|a 052147261X (hc.)
|
| 020 |
|
|
|a 0521478545 (pbk.)
|
| 040 |
|
|
|a DLC
|c DLC
|d DLC
|d BD-DhAAL
|
| 082 |
0 |
0 |
|a 410
|2 21
|
| 245 |
0 |
0 |
|a Linguistics :
|b an introduction /
|c Andrew Radford ... [et al.].
|
| 260 |
|
|
|a Cambridge, UK ;
|a New York, NY :
|b Cambridge University Press,
|c 1999 [reprinted 2005].
|
| 300 |
|
|
|a xvi, 438 p. ;
|c 24 cm
|
| 504 |
|
|
|a Includes bibliographical references (p. 424-428) and index.
|
| 526 |
|
|
|a ENH
|x Shenin Ziauddin and Nazia Husain
Faculty Members of BRAC University
|
| 541 |
1 |
|
|e 000017210
|a Friends' Book Corner
|
| 650 |
|
0 |
|a Linguistics.
|
| 700 |
1 |
|
|a Radford, Andrew.
|9 58396
|
| 700 |
1 |
|
|a Atkinson, Martin.
|9 58397
|
| 700 |
1 |
|
|a Britain,David.
|9 58398
|
| 700 |
1 |
|
|a Harald, Clahsen.
|9 58399
|
| 700 |
1 |
|
|a Spencer, Andrew.
|9 58400
|
| 852 |
4 |
|
|a Ayesha Abed Library
|c General Stacks
|
| 942 |
|
|
|2 ddc
|c BK
|
| 999 |
|
|
|c 1179
|d 1179
|
| 952 |
|
|
|0 0
|1 0
|2 ddc
|4 0
|6 410_LIN_200500000000000
|7 0
|9 1066
|a BRACUL
|b BRACUL
|c GEN
|d 2009-06-24
|e Friends' Book Corner
|g 590.00
|l 6
|m 17
|o 410 LIN
|p 3010017210
|r 2024-01-21
|s 2024-01-21
|t 1
|v 1180.00
|w 2009-06-24
|y BK
|x Requisitioned by Shenin Ziauddin and Nazia Husain (Faculty Members of BRAC University)
|